000 00487nmm a2200157Ia 4500
008 251105s9999||||xx |||||||||||||||||und||
020 _a9781558855212
041 _aspa
_aeng
100 _aRivera Jr., Rafael and Tim Hoppey
245 0 _aBaseball on Mars = Béisbol en Marte
264 _a[Washington, Estados Unidos] :
_bArte Público Press,
_c2009
300 _a32 páginas
650 _aAges 6-8 Years Old
856 _uhttps://public.digitaliapublishing.com/a/23111
942 _cCF
999 _c74822
_d74822